Oración inaugural que en la apertura del curso académico del Real Colegio de Cirugía-Médica de esta plaza dijo Antonio de San-Germán... el día 3 de octubre de 1825. (Record no. 164506)

MARC details
000 -LEADER
campo de control de longitud fija 00987nam a22002055i 4500
001 - NÚMERO DE CONTROL
campo de control 164506
003 - IDENTIFICADOR DE NÚMERO DE CONTROL
campo de control ES-MaACL
005 - FECHA Y HORA DE LA ÚLTIMA TRANSACCIÓN
campo de control 20250615063045.0
008 - DATOS DE LONGITUD FIJA--INFORMACIÓN GENERAL
campo de control de longitud fija 050804s1825 sp | |||||||| ||spa d
040 ## - FUENTE DE CATALOGACIÓN
Centro catalogador/agencia de origen CAM
Lengua de catalogación spa
Centro/agencia transcriptor CAM
100 1# - ENTRADA PRINCIPAL--NOMBRE DE PERSONA
Nombre de persona San Germán, Antonio de,
Fechas asociadas al nombre 1755-1833
9 (RLIN) 132371
Término indicativo de función/relación Autor
245 10 - MENCIÓN DEL TÍTULO
Título Oración inaugural que en la apertura del curso académico del Real Colegio de Cirugía-Médica de esta plaza dijo Antonio de San-Germán... el día 3 de octubre de 1825.
260 ## - PUBLICACIÓN, DISTRIBUCIÓN, ETC.
Lugar de publicación, distribución, etc. Barcelona :
Nombre del editor, distribuidor, etc. [s.n.,
Fecha de publicación, distribución, etc. ca.1825]
Fabricante (Imp. de la viuda Pla, administrada por Vicente Verdaguer)
300 ## - DESCRIPCIÓN FÍSICA
Extensión 25 p. ;
Dimensiones 20 cm.
500 ## - NOTA GENERAL
Nota general Tema del discurso: "Sobre la preeminencia y utilidad de la cirugia-medica"
610 24 - PUNTO DE ACCESO ADICIONAL DE MATERIA--NOMBRE DE ENTIDAD CORPORATIVA
Nombre de entidad corporativa o nombre de jurisdicción como elemento de entrada Real Colegio de Cirugía Médica de Barcelona.
9 (RLIN) 134785
852 ## - LOCALIZACIÓN
Ubicación ES-MaACL
Número de control de estantería T-366-F-22
Nota libre -- Enc. hol.
-- -- Dedic. ms. de José Velez San¿? a la Sociedad de los Escolares Medicos
-- -- Enc. en un vol. facticio
942 ## - ELEMENTOS DE ENTRADA SECUNDARIOS (KOHA)
Fuente del sistema de clasificación o colocación Clasificación decimal universal
Holdings
Estatus retirado Estado de pérdida Estado de daño No para préstamo Colección Biblioteca de origen Biblioteca actual Ubicación en estantería Fecha de adquisición Total de préstamos Signatura topográfica completa Código de barras Visto por última vez Precio de reemplazo Tipo de ítem Koha
        Colección de folletos Biblioteca del Ateneo de Madrid Biblioteca del Ateneo de Madrid Depósito folletos 17/01/2008   T-366-F-22 1172441 23/02/2023 23/02/2023 Folleto